| 000 | 00770cam a2200217 i 4500 | ||
|---|---|---|---|
| 005 | 20260203125505.0 | ||
| 008 | 211004s2022 mdua b 001 0 eng | ||
| 020 | _a9781421444109 | ||
| 020 | _a1421444100 | ||
| 040 |
_aKABLIB _beng _erda _cKABLIB |
||
| 082 | 0 | 0 |
_a610.71 _223 _bCUR |
| 245 | 0 | 0 |
_aCurriculum development for medical education : _ba six-step approach / _cedited by Patricia A. Thomas ... [et al.] |
| 250 | _a4th ed. | ||
| 260 |
_aBaltimore : _bJohns Hopkins University Press, _cc2022 |
||
| 300 |
_axiv, 372 p. : _bill. ; _c26 cm. |
||
| 504 | _aIncludes bibliographical references, index. | ||
| 650 | 1 | 2 |
_aCurriculum _915049 |
| 650 | 1 | 2 |
_aEducation, Medical _915050 |
| 700 | 1 |
_aThomas, Patricia A. _q(Patricia Ann), _d1950- _eeditor. _915051 |
|
| 942 |
_2ddc _cBOOK |
||
| 999 |
_c5969 _d5969 |
||